[Event "World Blitz Women 2022"]
[Site "Almaty KAZ"]
[Date "2022.12.29"]
[Round "9.26"]
[White "Kamalidenova, Meruert"]
[Black "Yao, Lan"]
[Result "1-0"]
[WhiteTitle "WIM"]
[BlackTitle "WIM"]
[WhiteElo "2377"]
[BlackElo "2271"]
[WhiteFideId "13712802"]
[BlackFideId "8610835"]
[EventDate "2022.12.29"]

1. e4 c5 2. Nf3 e6 3. d4 cxd4 4. Nxd4 Nc6 5. Nc3 Qc7 6. Be3 a6 7. g4 Nxd4 8.
Bxd4 b5 9. Qd2 Bb7 10. Bg2 b4 11. Ne2 Nf6 12. f3 h6 13. O-O-O e5 14. Be3 d5 15.
exd5 Nxd5 16. Kb1 Nxe3 17. Qxe3 Bc5 18. Qb3 O-O 19. h4 a5 20. g5 a4 21. Qc4 h5
22. Rhf1 Ba6 23. Qe4 b3 24. f4 bxc2+ 25. Qxc2 Rab8 26. f5 Qb6 27. Bd5 Bxe2 28.
Qxe2 Bd4 29. b3 axb3 30. Bxb3 Qa5 31. Qc4 Qa3 32. Rxd4 exd4 33. g6 Rxb3+ 34.
axb3 Qe7 35. gxf7+ Rxf7 36. Qxd4 Qb7 37. Kb2 Rd7 38. Qc4+ Kh8 39. Rf2 Qb6 40.
Rc2 Qf6+ 41. Qc3 Qxh4 42. b4 Qe7 43. Rh2 Qe8 1-0

[Event "World Blitz Women 2022"]
[Site "Almaty KAZ"]
[Date "2022.12.29"]
[Round "9.27"]
[White "Khamdamova, Afruza"]
[Black "Charochkina, Daria"]
[Result "1/2-1/2"]
[WhiteTitle "WFM"]
[BlackTitle "IM"]
[WhiteElo "2139"]
[BlackElo "2344"]
[WhiteFideId "14210444"]
[BlackFideId "4180917"]
[EventDate "2022.12.29"]

1. e4 d6 2. d4 Nf6 3. Nc3 g6 4. Be3 a6 5. f3 b5 6. Qd2 Nbd7 7. O-O-O Bb7 8. d5
c6 9. dxc6 Bxc6 10. Nge2 Ne5 11. Nd4 Bd7 12. Kb1 b4 13. Nd5 Nxd5 14. exd5 Rb8
15. Be2 Qc7 16. Bh6 a5 17. Bxf8 Rxf8 18. Rhe1 a4 19. f4 Nc4 20. Bxc4 Qxc4 21.
Qe3 Kd8 22. Qxe7+ Kc7 23. Ne6+ fxe6 24. dxe6 Qc6 25. exd7 Qxd7 26. Qg5 Rb5 27.
Qh4 Rf7 28. Rd4 b3 29. cxb3 axb3 30. Rc1+ Kb8 31. a3 Re7 32. Qf2 Qf5+ 33. Ka1
Rc7 34. Rxc7 Kxc7 35. Rc4+ Rc5 36. Rxc5+ dxc5 37. g3 Qc2 38. Qe1 Kb6 39. h4 Kb5
40. Qf1+ c4 41. g4 Qd3 42. Qe1 Qc2 43. h5 c3 44. Qe5+ Ka6 45. Qd6+ Ka5 46. Qb4+
Ka6 47. Qc4+ Ka7 48. Qc7+ Ka6 49. Qc6+ Ka7 50. Qc7+ Ka6 51. Qc6+ Ka7 52. Qc7+ 1/2-1/2

[Event "World Blitz Women 2022"]
[Site "Almaty KAZ"]
[Date "2022.12.29"]
[Round "9.28"]
[White "Balajayeva, Khanim"]
[Black "Kurmangaliyeva, Liya"]
[Result "0-1"]
[WhiteTitle "WGM"]
[BlackTitle "FM"]
[WhiteElo "2379"]
[BlackElo "2287"]
[WhiteFideId "13406396"]
[BlackFideId "13725831"]
[EventDate "2022.12.29"]

1. e4 c5 2. c3 Nf6 3. e5 Nd5 4. Nf3 Nc6 5. Bc4 Nb6 6. Bb3 d5 7. exd6 Qxd6 8. O-O
Be6 9. Na3 Bxb3 10. axb3 e6 11. d4 cxd4 12. Nb5 Qb8 13. Nfxd4 Be7 14. Nxc6 bxc6
15. Nd4 Qb7 16. Qf3 Nd5 17. c4 Nb4 18. Bd2 Rd8 19. Bxb4 Rxd4 20. Bc3 Rd7 21.
Bxg7 Rg8 22. Be5 Rg5 23. Bg3 Rf5 24. Qg4 Rg5 25. Qe4 h5 26. Rad1 c5 27. Qe3 h4
28. Rxd7 Kxd7 29. f4 Rg8 30. Qd2+ Ke8 31. Be1 h3 32. g3 Bf6 33. Rf2 Bd4 34. Kf1
Qh1+ 35. Ke2 Qe4+ 36. Kf1 Qh1+ 37. Ke2 Bxf2 38. Bxf2 Qe4+ 39. Kf1 Qg2+ 40. Ke2
Qxh2 41. Qd6 Rxg3 42. Qc6+ Kf8 43. Qxc5+ Kg8 44. Ke1 Qh1+ 45. Ke2 Qf3+ 46. Ke1
Qe4+ 47. Kd2 Rg2 48. Kc1 Qxf4+ 49. Be3 Qf1# 0-1

[Event "World Blitz Women 2022"]
[Site "Almaty KAZ"]
[Date "2022.12.29"]
[Round "9.29"]
[White "Druzhinina, Olga"]
[Black "Muminova, Nafisa"]
[Result "1-0"]
[BlackTitle "WGM"]
[WhiteElo "2245"]
[BlackElo "2274"]
[WhiteFideId "4141911"]
[BlackFideId "14201526"]
[EventDate "2022.12.29"]

1. e4 e6 2. d4 d5 3. Nd2 h6 4. Ngf3 Nf6 5. Bd3 c5 6. exd5 exd5 7. dxc5 Bxc5 8.
O-O O-O 9. Nb3 Bb6 10. h3 Nc6 11. c3 Qd6 12. Nbd4 a6 13. Be3 Bc7 14. Nf5 Bxf5
15. Bxf5 Ne5 16. g3 Nc4 17. Bf4 Qb6 18. Bxc7 Qxc7 19. Qc2 Rad8 20. Rad1 Rfe8 21.
Rfe1 Nd6 22. Bd3 Nde4 23. Kg2 Nc5 24. Nd4 Nfe4 25. Re3 Re7 26. Rde1 Rde8 27. Nf5
Re5 28. Nd4 Rg5 29. h4 Rge5 30. Nf3 R5e7 31. Nd4 Re5 32. Nf3 R5e7 33. Nd4 Qe5
34. Nf3 Qf6 35. Bf1 Nd6 36. Rxe7 Rxe7 37. Rxe7 Qxe7 38. Qd2 Qe6 39. Bd3 Nde4 40.
Bxe4 dxe4 41. Nd4 Qd5 42. Qe3 g6 43. a3 a5 44. Kh2 Nd3 45. b3 Kg7 46. c4 Qe5 47.
Nf3 Qe6 48. Nd2 f5 49. Qd4+ Kf7 50. Nf1 Kg8 51. Ne3 Ne5 52. Kg2 Nf3 53. Qd8+ Kf7
54. Qc7+ Kg8 55. Nd5 Ne1+ 56. Kf1 Nd3 57. Qd8+ Kf7 58. Qc7+ Kg8 59. Qd8+ Kf7 60.
Qc7+ Kg8 61. Qd8+ Kg7 62. Qc7+ Qf7 63. Qd6 Nc1 64. b4 axb4 65. axb4 Nd3 66. c5
Qe8 67. Qc7+ Qf7 68. Qd6 Nb2 69. b5 Nc4 70. Qd8 Ne5 71. Qe7 Qxe7 72. Nxe7 Kf7
73. Nd5 Ke6 74. Nf4+ Kf6 75. Ke2 g5 76. hxg5+ hxg5 77. Nd5+ Ke6 78. Nc3 Nd3 79.
c6 bxc6 80. bxc6 Kd6 81. g4 Kxc6 82. gxf5 Nc5 83. Ke3 Kd7 84. Nxe4 Nxe4 85. Kxe4
Kd6 86. Kd4 g4 87. Ke4 Ke7 88. Kf4 Kf6 89. Kxg4 Kf7 90. Kg5 Kg7 91. f6+ Kf7 92.
Kf5 Kf8 93. Ke6 Ke8 94. f7+ Kf8 95. f3 1-0

[Event "World Blitz Women 2022"]
[Site "Almaty KAZ"]
[Date "2022.12.29"]
[Round "9.30"]
[White "Nurgaliyeva, Zarina"]
[Black "Pourkashiyan, Atousa"]
[Result "0-1"]
[WhiteTitle "WFM"]
[BlackTitle "WGM"]
[WhiteElo "2013"]
[BlackElo "2321"]
[WhiteFideId "13730096"]
[BlackFideId "12502014"]
[EventDate "2022.12.29"]

1. e4 c5 2. Nf3 e6 3. g3 Nc6 4. Bg2 Nf6 5. Qe2 d6 6. O-O Be7 7. e5 dxe5 8. Nxe5
Nxe5 9. Qxe5 O-O 10. Rd1 Nd5 11. Qe2 Bd7 12. d4 cxd4 13. Rxd4 Qb6 14. Rd1 Bc6
15. Nd2 Rfd8 16. a4 Nb4 17. a5 Qc7 18. Nf3 Bxf3 19. Bxf3 Qxc2 20. Qxc2 Nxc2 21.
Ra4 Rxd1+ 22. Bxd1 Nb4 23. Bf3 Rd8 24. Be3 a6 25. Bxb7 Rb8 26. Bf3 h6 27. Bd4
Nd3 28. Ra1 Rb3 29. Bd1 Rb8 30. Bc2 Nb4 31. Be4 Bf6 32. Bxf6 gxf6 33. Rc1 Rb5
34. Rc4 f5 35. Bf3 Nd3 36. Rc6 Rxb2 37. Rxa6 Rb1+ 38. Kg2 Ne1+ 39. Kh3 Nxf3 40.
Ra8+ Kg7 41. a6 Ra1 42. a7 Ne5 43. f4 Nc6 44. Rc8 Nxa7 45. Ra8 Ra5 46. Kh4 Nc6
47. Rc8 Ne7 48. Kh5 Ra2 0-1

[Event "World Blitz Women 2022"]
[Site "Almaty KAZ"]
[Date "2022.12.29"]
[Round "9.31"]
[White "Gvetadze, Sofio"]
[Black "Bayasgalan, Khishigbaatar"]
[Result "1-0"]
[WhiteTitle "IM"]
[BlackTitle "WCM"]
[WhiteElo "2298"]
[BlackElo "1811"]
[WhiteFideId "13601440"]
[BlackFideId "4904311"]
[EventDate "2022.12.29"]

1. Nf3 d5 2. g3 e6 3. Bg2 Nf6 4. O-O Be7 5. d3 O-O 6. Nbd2 c5 7. e4 Nc6 8. Re1
dxe4 9. dxe4 e5 10. c3 Be6 11. h3 h6 12. Nh4 Qd3 13. Re3 Qd7 14. Kh2 Nh7 15.
Nhf3 Rad8 16. Qf1 Ng5 17. h4 Nh7 18. Nc4 Qc7 19. Re1 Nf6 20. Kg1 Ng4 21. Ne3
Nxe3 22. Bxe3 Na5 23. b3 Bg4 24. Nh2 Bd7 25. Qe2 a6 26. Bf3 Bb5 27. Qb2 Bc6 28.
Bd2 b5 29. Be3 c4 30. b4 Nb7 31. Qc2 Rd3 32. Be2 Bxe4 33. Bxd3 cxd3 34. Qd2 Nd6
35. f3 Nc4 36. Qf2 Bg6 37. Bd2 Qc6 38. Ng4 Bd8 39. Nxe5 Qd5 40. Nxc4 bxc4 41.
Kg2 Qc6 42. Qc5 Qb7 43. Qxc4 Bf6 44. Qf4 Rc8 45. Rac1 Qd5 46. a4 Qa2 47. Kh3
Qxa4 48. Qe3 Qc6 49. Kg2 Qd5 50. Kh3 h5 51. Kg2 Qc4 52. Ra1 Qb5 53. Ra5 Qc6 54.
Rc5 Qd7 55. Rxc8+ Qxc8 56. Qe8+ Qxe8 57. Rxe8+ Kh7 58. Ra8 Bf5 59. Rxa6 Be6 60.
Rd6 Bc4 61. Rc6 Bd5 62. Rc5 Bb7 63. b5 Bd8 64. Rxh5+ Kg6 65. Rh8 Bc7 66. h5+ Kf6
67. Be3 Be5 68. Bd2 Bc7 69. b6 Bd6 70. Rd8 Ke7 71. Rg8 Be5 72. Kf2 Kf6 73. f4
Bd6 74. Rd8 Ke7 75. Rg8 Bc5+ 76. Ke1 Bf3 77. Rxg7 Bxb6 78. h6 Kf6 79. Rg8 Be4
80. Rb8 Bc7 81. Rc8 Bd6 82. c4 Kg6 83. Rh8 Bc5 84. g4 f5 85. g5 Bg1 86. Rg8+ Kf7
87. h7 Bd4 88. h8=Q Bxh8 89. Rxh8 1-0

[Event "World Blitz Women 2022"]
[Site "Almaty KAZ"]
[Date "2022.12.29"]
[Round "9.32"]
[White "Maltsevskaya, Aleksandra"]
[Black "Gaboyan, Susanna"]
[Result "1-0"]
[WhiteTitle "IM"]
[BlackTitle "WIM"]
[WhiteElo "2400"]
[BlackElo "2200"]
[WhiteFideId "24174041"]
[BlackFideId "13303627"]
[EventDate "2022.12.29"]

1. e4 c5 2. Nf3 Nc6 3. d4 cxd4 4. Nxd4 Nf6 5. Nc3 e5 6. Ndb5 d6 7. a4 a6 8. Na3
Be6 9. Bc4 Be7 10. O-O O-O 11. Be3 Nxe4 12. Nxe4 d5 13. Nc5 Bxc5 14. Bxc5 dxc4
15. Bxf8 Qxf8 16. Qe2 Qb4 17. c3 Qxa4 18. Kh1 Qb3 19. f4 exf4 20. Rxf4 b5 21.
Rb1 b4 22. cxb4 Nxb4 23. Nxc4 Nd3 24. Re4 Nc5 25. Rd4 h6 26. h3 Rc8 27. Nd6 Rd8
28. Nf5 Rc8 29. Qg4 Bxf5 30. Qxf5 Ne6 31. Rd2 Rc5 32. Rd8+ Nxd8 33. Qxc5 Ne6 34.
Qf2 a5 35. Rc1 a4 36. Rc8+ Kh7 37. Qf5+ g6 38. Qxf7+ Ng7 39. Qxb3 1-0

[Event "World Blitz Women 2022"]
[Site "Almaty KAZ"]
[Date "2022.12.29"]
[Round "9.33"]
[White "Shukhman, Anna"]
[Black "Mkrtchyan, Mariam"]
[Result "1-0"]
[WhiteTitle "WFM"]
[BlackTitle "WIM"]
[WhiteElo "2161"]
[BlackElo "2364"]
[WhiteFideId "54180058"]
[BlackFideId "13310828"]
[EventDate "2022.12.29"]

1. e4 c6 2. d4 d5 3. f3 e6 4. Nc3 Bb4 5. a3 Bxc3+ 6. bxc3 dxe4 7. Qe2 exf3 8.
Nxf3 Nf6 9. Qe3 b6 10. Qg5 Rg8 11. Bd3 Bb7 12. O-O Nbd7 13. c4 h6 14. Qg3 Qe7
15. a4 c5 16. d5 e5 17. Bb2 e4 18. Rae1 O-O-O 19. Ne5 Nxe5 20. Bxe5 Qd7 21. Bxe4
Nxe4 22. Rxe4 Rde8 23. Rfe1 Ba6 24. Bc3 g6 25. a5 Kb7 26. axb6 axb6 27. Qh4 h5
28. Re7 Kc8 29. Rxd7 Kxd7 30. Rxe8 Rxe8 31. Qf6 Bxc4 32. Qxf7+ Re7 33. Qxg6 Bxd5
34. Qf5+ Kc6 35. Qxh5 b5 36. Qg6+ Re6 37. Qg3 b4 38. Bd2 Re2 39. Qg6+ Re6 40.
Qd3 Re4 41. Qa6+ Kd7 42. Qa7+ Kc6 43. Qa8+ Kd6 44. Qd8+ Kc6 45. Qc8+ Kd6 46. g3
c4 47. Bf4+ Ke7 48. Qc5+ Ke6 49. Qb6+ Kd7 50. Qxb4 Re2 51. Qb5+ Ke6 52. Qe8+ Kf5
53. Qxe2 1-0

[Event "World Blitz Women 2022"]
[Site "Almaty KAZ"]
[Date "2022.12.29"]
[Round "9.34"]
[White "Nomindalai, Tumurbaatar"]
[Black "Tokhirjonova, Gulrukhbegim"]
[Result "0-1"]
[WhiteTitle "CM"]
[BlackTitle "WGM"]
[WhiteElo "2132"]
[BlackElo "2328"]
[WhiteFideId "4904095"]
[BlackFideId "14203626"]
[EventDate "2022.12.29"]

1. d4 Nf6 2. c4 g6 3. g3 Bg7 4. Bg2 d5 5. cxd5 Nxd5 6. Nf3 O-O 7. Nc3 Nb6 8. O-O
Na6 9. e4 c5 10. d5 c4 11. Be3 Nb4 12. Bd4 e6 13. Bc5 Nd3 14. Bxf8 Qxf8 15. Qe2
exd5 16. exd5 Bf5 17. Nh4 Re8 18. Qd2 Bd7 19. Rad1 Qb4 20. Rb1 Na4 21. a3 Qa5
22. Nf3 Naxb2 23. Rxb2 Bxc3 24. Qh6 Bg7 25. Qh4 Nxb2 26. Ng5 h6 27. Ne4 g5 28.
Qh5 Qxa3 29. Rc1 c3 0-1

[Event "World Blitz Women 2022"]
[Site "Almaty KAZ"]
[Date "2022.12.29"]
[Round "9.35"]
[White "Lu, Miaoyi"]
[Black "Petrova, Irina"]
[Result "0-1"]
[BlackTitle "WIM"]
[WhiteElo "2399"]
[BlackElo "2123"]
[WhiteFideId "8618020"]
[BlackFideId "14124122"]
[EventDate "2022.12.29"]

1. e4 d6 2. d4 Nf6 3. Nc3 e5 4. Nf3 Nbd7 5. g4 d5 6. exd5 e4 7. Ne5 Bb4 8. Bc4
Nxe5 9. dxe5 Nxg4 10. Qd4 O-O 11. Bd2 Bf5 12. Be2 c5 13. Qc4 Qh4 14. O-O-O Nxf2
15. Rhf1 Nxd1 16. Rxf5 Nxc3 17. bxc3 Ba3+ 18. Kd1 Qxh2 19. Qb3 Rad8 20. d6 g6
21. Rf4 Qg1+ 22. Rf1 Qh2 23. Bf4 Qg2 24. Qxa3 f6 25. Qb3+ Kh8 26. e6 g5 27. e7
gxf4 28. exf8=Q+ Rxf8 29. Rxf4 Qg3 30. Rxe4 0-1

[Event "World Blitz Women 2022"]
[Site "Almaty KAZ"]
[Date "2022.12.29"]
[Round "9.36"]
[White "Savitha, Shri B"]
[Black "Nasybullina, Alfia"]
[Result "1-0"]
[WhiteTitle "WIM"]
[BlackTitle "WIM"]
[WhiteElo "2411"]
[BlackElo "2027"]
[WhiteFideId "35061887"]
[BlackFideId "4132416"]
[EventDate "2022.12.29"]

1. e4 e6 2. d4 d5 3. Nd2 c5 4. Ngf3 cxd4 5. exd5 Qxd5 6. Bc4 Qd6 7. O-O Nf6 8.
Nb3 Nc6 9. Nbxd4 Nxd4 10. Nxd4 Qc7 11. Qe2 Bd6 12. Nb5 Bxh2+ 13. Kh1 Qe5 14. g3
Bxg3 15. fxg3 Qxg3 16. Bf4 Qh4+ 17. Qh2 Qg4 18. Nc7+ Kf8 19. Nxa8 Bd7 20. Qg3
Bc6+ 21. Kg1 Qh5 22. Bd6+ Kg8 23. Rxf6 Qh1+ 24. Kf2 Qxa1 25. Rxe6 Qxb2 26. Qd3
h5 27. Be5 Qc1 28. Re7 Rh6 29. Bxf7+ Kf8 30. Qd8+ 1-0

[Event "World Blitz Women 2022"]
[Site "Almaty KAZ"]
[Date "2022.12.29"]
[Round "9.37"]
[White "Girya, Olga"]
[Black "Machlik, Monika"]
[Result "1-0"]
[WhiteTitle "GM"]
[WhiteElo "2398"]
[BlackElo "2114"]
[WhiteFideId "4195752"]
[BlackFideId "1513621"]
[EventDate "2022.12.29"]

1. d4 Nf6 2. Nf3 e6 3. c4 Bb4+ 4. Bd2 a5 5. a3 Bxd2+ 6. Qxd2 d6 7. Nc3 Nc6 8. e3
O-O 9. Rd1 Qe7 10. Be2 e5 11. Nd5 Nxd5 12. cxd5 Nb8 13. dxe5 dxe5 14. d6 cxd6
15. Qxd6 Qxd6 16. Rxd6 e4 17. Nd4 Nd7 18. O-O Nf6 19. h3 Bd7 20. Rb6 Rab8 21.
Rc1 Rfd8 22. Rc5 a4 23. Rc4 Be8 24. Nf5 Nd5 25. Rd6 Rxd6 26. Nxd6 Bc6 27. Nxe4
Nb6 28. Rb4 Nd5 29. Rd4 Re8 30. Nd6 Rd8 31. Nf5 Re8 32. Bc4 Nb6 33. Nd6 Rf8 34.
Ba2 h6 35. Nxf7 Kh7 36. Ne5 Bb5 37. Rb4 Nd7 38. Rxb5 Nf6 39. Rxb7 Rc8 40. Bb1+
Kg8 41. Bf5 Rc1+ 42. Kh2 Kf8 43. Rf7+ Ke8 44. Rxg7 Nd5 45. Bg6+ Kf8 46. Rf7+ Kg8
47. Ra7 Rf1 48. Bf7+ Kf8 49. Bxd5 1-0

[Event "World Blitz Women 2022"]
[Site "Almaty KAZ"]
[Date "2022.12.29"]
[Round "9.38"]
[White "Chen, Jocelyn"]
[Black "Mammadova, Gulnar"]
[Result "0-1"]
[WhiteTitle "WCM"]
[BlackTitle "IM"]
[WhiteElo "1854"]
[BlackElo "2376"]
[WhiteFideId "30947154"]
[BlackFideId "13403508"]
[EventDate "2022.12.29"]

1. e4 e6 2. d4 d5 3. Nd2 a6 4. Ngf3 c5 5. exd5 exd5 6. c3 Nf6 7. Bd3 c4 8. Bc2
Bd6 9. O-O O-O 10. h3 Nc6 11. b3 b5 12. a4 Be6 13. Ba3 Re8 14. b4 Bc7 15. a5 Qd6
16. Re1 Bd7 17. Nf1 Ne4 18. Bxe4 dxe4 19. N3d2 f5 20. Ng3 Ne7 21. Qh5 g6 22. Qg5
Nd5 23. Bb2 Qf8 24. Ndf1 Bf4 25. Qh4 Bd6 26. Ne3 Be7 27. Qxe7 Nxe7 28. Rad1 f4
29. Ne2 fxe3 30. fxe3 Nd5 31. Rf1 Qh6 32. Rde1 Rf8 33. Rxf8+ Rxf8 34. Kh2 Qxe3
35. Bc1 Qf2 36. Bd2 e3 0-1

[Event "World Blitz Women 2022"]
[Site "Almaty KAZ"]
[Date "2022.12.29"]
[Round "9.39"]
[White "Kaliakhmet, Elnaz"]
[Black "Enkhtuul, Altan-Ulzii"]
[Result "0-1"]
[WhiteTitle "WFM"]
[BlackTitle "WGM"]
[WhiteElo "1786"]
[BlackElo "2285"]
[WhiteFideId "13730169"]
[BlackFideId "4901444"]
[EventDate "2022.12.29"]

1. d4 Nf6 2. c4 c5 3. d5 b5 4. cxb5 a6 5. e3 axb5 6. Bxb5 g6 7. Nc3 Ba6 8. Bxa6
Nxa6 9. Nf3 Bg7 10. e4 d6 11. O-O O-O 12. Qe2 Nb4 13. a4 Qb6 14. Nb5 Rfb8 15.
Bg5 h6 16. Bh4 Ra5 17. b3 Rba8 18. Rab1 Kf8 19. Nd2 Qb7 20. Nc4 R5a6 21. Bg3 Ne8
22. Rfd1 Rd8 23. Bh4 Bf6 24. Bxf6 Nxf6 25. f4 Re8 26. Qf3 Kg7 27. Rf1 Nd7 28.
Qc3+ Nf6 29. Rbd1 Kg8 30. Rfe1 Na2 31. Qb2 Nb4 32. Qd2 Rd8 33. Qf2 Kg7 34. Qh4
Ne8 35. Qh3 Qd7 36. Qc3+ Nf6 37. Qb2 Qg4 38. Qf2 Nh5 39. g3 Qh3 40. Qg2 Qg4 41.
Qe2 Qh3 42. Qg2 Qg4 43. Qe2 Qd7 44. Qb2+ Kg8 45. Kg2 Qg4 46. Kh1 Qh3 47. Kg1 Qg4
48. Qe2 Qh3 49. Qg2 Qg4 50. Qe2 Qd7 51. Qf3 Qh3 52. Qg2 Qg4 53. Qe2 Qd7 54. Qf3
Qh3 55. Qg2 Qg4 56. Qe2 Qd7 57. Qf3 Nf6 58. Qc3 h5 59. Qf3 Qh3 60. Qg2 Qg4 61.
Qe2 Qd7 62. Qf3 h4 63. Kg2 h3+ 64. Kg1 Kg7 65. Qc3 Rh8 66. Re2 Kg8 67. Rde1 Qg4
68. Qe3 Nh5 69. Rf2 Nf6 70. Qf3 Qd7 71. Rd1 Ng4 72. Re2 Nf6 73. Rf1 Kg7 74. Rd1
Rh5 75. Rf1 Qc8 76. Rd1 Qd7 77. Qc3 Qg4 78. Rde1 Rh8 79. Rf2 0-1

[Event "World Blitz Women 2022"]
[Site "Almaty KAZ"]
[Date "2022.12.29"]
[Round "9.40"]
[White "Tereladze, Sopio"]
[Black "Balakanova, Bakhyt"]
[Result "0-1"]
[WhiteTitle "WIM"]
[BlackTitle "WFM"]
[WhiteElo "2215"]
[BlackElo "2005"]
[WhiteFideId "13600486"]
[BlackFideId "13705881"]
[EventDate "2022.12.29"]

1. e4 Nf6 2. e5 Nd5 3. d4 d6 4. Nf3 Bg4 5. Be2 Nc6 6. O-O e6 7. c3 Be7 8. Re1
O-O 9. Nbd2 Nf4 10. exd6 Bxd6 11. Ne4 Nxe2+ 12. Qxe2 Be7 13. Bf4 Bd6 14. Qe3 Ne7
15. Ne5 Nd5 16. Qd2 Bf5 17. Bg3 Bxe4 18. Rxe4 f5 19. Rh4 g5 20. Rh6 f4 21. Rxe6
fxg3 22. hxg3 Bxe5 23. Rxe5 h6 24. Rae1 c6 25. Qd3 Qf6 26. f3 Qf7 27. Qe4 Nf6
28. Qd3 Rae8 29. c4 Kg7 30. g4 Nd7 31. R5e4 Rxe4 32. Rxe4 Nf6 33. Re5 Re8 34. b3
Rxe5 35. dxe5 Nd7 36. Qd6 Nf8 37. Qb8 a6 38. Qd6 Ne6 39. Kf2 Nf4 40. Qd4 Qg6 41.
e6+ Kf8 42. Qd8+ Kg7 43. Qd7+ Kf6 44. Kg3 Nxe6 45. Qxb7 Qe8 46. Qh7 Qb8+ 47. Kf2
Qf8 48. Qe4 Nf4 49. Qxc6+ Kg7 50. Qe4 Qc5+ 51. Kg3 Qd6 52. Qb7+ Kf6 53. Kf2 Qd2+ 0-1

[Event "World Blitz Women 2022"]
[Site "Almaty KAZ"]
[Date "2022.12.29"]
[Round "9.41"]
[White "Kairbekova, Amina"]
[Black "Mikheeva, Galina"]
[Result "0-1"]
[WhiteTitle "WIM"]
[BlackTitle "WFM"]
[WhiteElo "2209"]
[BlackElo "1969"]
[WhiteFideId "13712799"]
[BlackFideId "44108320"]
[EventDate "2022.12.29"]

1. e4 e5 2. Nf3 Nc6 3. Bb5 Nf6 4. d3 Bc5 5. Bxc6 dxc6 6. O-O Qe7 7. Nbd2 Nd7 8.
c3 Bd6 9. Nc4 Nf8 10. d4 Ng6 11. dxe5 Bxe5 12. Nfxe5 Nxe5 13. Nxe5 Qxe5 14. f4
Qc5+ 15. Kh1 Bd7 16. Qf3 O-O-O 17. Be3 Qc4 18. Rfd1 Rhe8 19. Rd4 Qe6 20. f5 Qe7
21. b4 Kb8 22. Rad1 Bc8 23. h3 Rxd4 24. Rxd4 b6 25. Bf4 Bb7 26. Qg3 f6 27. Qf3
c5 28. bxc5 bxc5 29. Rd1 Qxe4 30. Rd8+ Rxd8 31. Qg3 Rd1+ 0-1

[Event "World Blitz Women 2022"]
[Site "Almaty KAZ"]
[Date "2022.12.29"]
[Round "9.42"]
[White "Hajiyeva, Laman"]
[Black "Schulze, Lara"]
[Result "1-0"]
[WhiteTitle "WFM"]
[BlackTitle "FM"]
[WhiteElo "2135"]
[BlackElo "2284"]
[WhiteFideId "13415875"]
[BlackFideId "12956830"]
[EventDate "2022.12.29"]

1. e4 c5 2. c3 d5 3. exd5 Qxd5 4. d4 Nf6 5. Nf3 Bf5 6. Be3 cxd4 7. Nxd4 Nc6 8.
Na3 Nxd4 9. cxd4 e6 10. Qa4+ Nd7 11. Nb5 Rc8 12. Nc3 Qd6 13. Be2 a6 14. O-O Be7
15. Rac1 O-O 16. Rfd1 Nb6 17. Qb3 Qb4 18. Qxb4 Bxb4 19. Bf3 Rc7 20. d5 Bxc3 21.
Bxb6 Rc4 22. Rxc3 Rb4 23. Bc5 Rxb2 24. Bxf8 Kxf8 25. d6 1-0

[Event "World Blitz Women 2022"]
[Site "Almaty KAZ"]
[Date "2022.12.29"]
[Round "9.43"]
[White "Serikbay, Assel"]
[Black "Bauyrzhan, Arnash"]
[Result "1-0"]
[WhiteTitle "WIM"]
[WhiteElo "2230"]
[BlackElo "2041"]
[WhiteFideId "13706799"]
[BlackFideId "13706322"]
[EventDate "2022.12.29"]

1. d4 d5 2. Nf3 Nf6 3. c4 e6 4. Nc3 Be7 5. Bg5 O-O 6. e3 h6 7. Bh4 b6 8. Bd3 Bb7
9. O-O Nbd7 10. Rc1 c5 11. Qe2 dxc4 12. Bxc4 Ne4 13. Bxe7 Qxe7 14. Rfd1 Rac8 15.
Bd3 Ndf6 16. Ne5 Nxc3 17. bxc3 cxd4 18. exd4 Rfd8 19. Bb1 Rc7 20. c4 Qb4 21. h3
Qa3 22. Qe3 Qxe3 23. fxe3 Be4 24. a4 Bxb1 25. Rxb1 Ne4 26. Rbc1 f6 27. Nd3 Rdc8
28. Nb2 Nd6 29. Rc2 Kf7 30. Rdc1 Ke7 31. a5 Nb7 32. axb6 axb6 33. Na4 b5 34. Nb6
Rb8 35. c5 Na5 36. Ra2 Rxb6 37. Rxa5 Rb8 38. Kf2 b4 39. Rb1 b3 40. Ke2 Kd7 41.
Kd3 Rcb7 42. Ra6 Ke7 43. Kc3 Rc7 44. Rxb3 Rxb3+ 45. Kxb3 e5 46. Kc4 exd4 47.
exd4 Kd7 48. d5 Rc8 49. Ra7+ Kd8 50. Rxg7 f5 51. Rg8+ Kc7 52. d6+ 1-0

[Event "World Blitz Women 2022"]
[Site "Almaty KAZ"]
[Date "2022.12.29"]
[Round "9.44"]
[White "Borisova, Ekaterina"]
[Black "Kirchei, Viktoriia"]
[Result "1/2-1/2"]
[WhiteTitle "FM"]
[BlackTitle "WFM"]
[WhiteElo "2223"]
[BlackElo "2070"]
[WhiteFideId "34124184"]
[BlackFideId "34133396"]
[EventDate "2022.12.29"]

1. Nf3 d6 2. d4 g6 3. c4 Bg7 4. Nc3 Nd7 5. g3 e6 6. Bg2 Ne7 7. O-O O-O 8. e4 h6
9. Re1 f5 10. exf5 exf5 11. d5 a5 12. Be3 g5 13. Bd4 Nf6 14. Qe2 Ng6 15. Rad1 g4
16. Nd2 f4 17. Be4 f3 18. Qd3 Nxe4 19. Bxg7 Kxg7 20. Ndxe4 Bf5 21. Qd4+ Kh7 22.
c5 b6 23. cxd6 cxd6 24. Nb5 Bxe4 25. Qxe4 Qg5 26. Nxd6 Qh5 27. h4 gxh3 28. Kh2
Rad8 29. Qe6 Qg5 30. Ne4 Qf5 31. Qxf5 Rxf5 32. d6 Re5 33. Nf6+ Kg7 34. Rxe5 Nxe5
35. Ne4 Nc4 36. b3 Ne5 37. Kxh3 Kf7 38. Nc3 Ke6 39. Nb5 Rd7 40. a4 Nf7 41. Re1+
Kf6 42. Re3 Kg6 43. Re7 Ng5+ 44. Kg4 Rxe7 45. dxe7 Kf7 46. Nd4 Kxe7 47. Nxf3 Ne4
48. Kh5 Nxf2 49. Kxh6 Kf6 50. Nd4 Ke5 51. Nb5 Kf5 52. Kh5 Ne4 53. g4+ Kf6 54.
Na7 Nc5 55. Nc8 Nxb3 56. g5+ Kg7 57. Nxb6 Nc5 58. Nc8 Nxa4 59. Nd6 Nc5 60. Nc4
a4 61. Na3 Ne4 62. Kg4 Nxg5 63. Kxg5 1/2-1/2

[Event "World Blitz Women 2022"]
[Site "Almaty KAZ"]
[Date "2022.12.29"]
[Round "9.45"]
[White "Kaldarova, Ayaulym"]
[Black "Foudzi, Siti Zulaikha"]
[Result "1-0"]
[BlackTitle "WIM"]
[WhiteElo "1832"]
[BlackElo "2136"]
[WhiteFideId "13720503"]
[BlackFideId "5700965"]
[EventDate "2022.12.29"]

1. Nf3 Nf6 2. c4 g6 3. Nc3 d6 4. g3 e5 5. d3 Bg7 6. Bg2 O-O 7. O-O c6 8. h3 Re8
9. e4 a5 10. Be3 Na6 11. Rb1 Nc7 12. a3 d5 13. exd5 cxd5 14. Bg5 dxc4 15. dxc4
Qxd1 16. Rbxd1 h6 17. Be3 h5 18. Bb6 Na6 19. Rfe1 Nd7 20. Bxa5 b6 21. Bb4 Nxb4
22. axb4 Rb8 23. Nd5 Bb7 24. Nd2 Nf6 25. Nxf6+ Bxf6 26. Bxb7 Rxb7 27. Ne4 Be7
28. Rd5 f5 29. Nd6 Bxd6 30. Rxd6 Kf7 31. f4 e4 32. Re3 Rc8 33. Rc3 h4 34. gxh4
Rh8 35. Kf2 Rxh4 36. Kg3 Rh8 37. Rc6 Re8 38. Rd6 e3 39. Rd1 e2 40. Re1 Rbe7 41.
Kf3 Re4 42. c5 bxc5 43. bxc5 Rh8 44. Kf2 Rxf4+ 45. Kxe2 Re8+ 46. Re3 Rfe4 47.
Rxe4 Rxe4+ 48. Kf2 Rb4 49. Re2 Rc4 50. Rd2 Rxc5 51. Kg3 Kf6 52. Kf4 Rc4+ 53. Kf3
Kg5 54. Kg3 Rb4 55. Rc2 Rb3+ 56. Kg2 Kh4 57. Rc4+ Kh5 58. Rc2 f4 59. Rc5+ g5 60.
Rc2 Kh4 61. Rd2 f3+ 62. Kf2 Kxh3 63. Rd5 g4 64. Rh5# 1-0